Statistics for NBA Duos 2021-2022

Click here to take the quiz!

General Stats

  • This quiz has been taken 670 times
  • The average score is 48 of 60

Answer Stats

TeamPlayer% Correct
76ersJoel Embiid
99%
BucksGiannis Antetokounmpo
98%
76ersJames Harden
98%
CelticsJaylen Brown
97%
CelticsJayson Tatum
97%
GrizzliesJa Morant
96%
ClippersKawhi Leonard
96%
LakersLeBron James
96%
HawksTrae Young
96%
LakersAnthony Davis
95%
NetsKevin Durant
95%
NetsKyrie Irving
95%
MavericksLuka Doncic
95%
ClippersPaul George
95%
HeatJimmy Butler
94%
NuggetsNikola Jokic
94%
WarriorsSteph Curry
94%
BullsDeMar DeRozan
93%
JazzDonovan Mitchell
93%
WarriorsKlay Thompson
93%
HornetsLaMelo Ball
93%
BullsZach Lavine
93%
NuggetsJamal Murray
92%
BucksKhris Middleton
92%
TrailblazersDamian Lillard
91%
SpursDejounte Murray
91%
SunsDevin Booker
91%
SunsChris Paul
90%
HeatBam Adebayo
89%
PelicansZion Williamson
89%
TimberwolvesKarl-Anthony Towns
88%
KingsDe'Aaron Fox
87%
KingsDomantas Sabonis
85%
JazzRudy Gobert
85%
TimberwolvesAnthony Edwards
84%
ThunderShai Gilgeous-Alexander
82%
WizardsBradley Beal
81%
CavaliersDarius Garland
81%
PelicansBrandon Ingram
80%
RaptorsPascal Siakam
80%
RocketsJalen Green
74%
CavaliersJarrett Allen
74%
PacersTyrese Haliburton
74%
MavericksJalen Brunson
73%
PistonsCade Cunningham
69%
HawksJohn Collins
69%
GrizzliesDesmond Bane
68%
RaptorsFred VanVleet
66%
WizardsKristaps Porzingis
61%
HornetsMiles Bridges
61%
KnicksR.J. Barrett
59%
PacersMyles Turner
58%
ThunderJosh Giddey
57%
TrailblazersAnfernee Simons
55%
MagicFranz Wagner
47%
KnicksMitchell Robinson
41%
SpursKeldon Johnson
38%
RocketsChristian Wood
35%
PistonsSaddiq Bey
30%
MagicJonathan Isaac
16%

Score Distribution

Percentile by Number Answered

Percent of People with Each Score

Your Score History

You have not taken this quiz